LEADER 00944nam a2200217 i 4500 001 000000069180 003 CaOOAMICUS 005 20131129000000.0 008 131129s1768 xx u000 u lat u 013 $a40352 026 $ai-s- umd* bei- niqu (3) 1768 (A) - [* =ae] 040 $aSeMil$bita 245 10$aPars prima de intellectu, eiusque facultatibus perficiendis. 300 $a[16], 484 p. 500 $aFront. stampato in rosso e nero. - Stemma calcogr. del dedicatario a c. *3. - Segn. : *4 2*4 A-3N4 3O6. 773 0 $tEthica sive philosophia moralis auctore Christiano L.B. De Wolff ... Pars 1. [-5.].$dVeronae : Excudebat Marcus Moroni, 1768-1769.$g1$w()13054 850 $aSeMil 852 $aSeMil$W1$xVenegono$y1$m2O VI 25 FA$j35333$B35333$CSeMilBibl$Z2$F35336 $8I 941 1 $a10 961 $aRecupero: Mantegazza 996 $6245$aPars prima de intellectu, eiusque facultatibus perficiendis$9(OLS)http://semarc/title/110689 LEADER 01118nam a2200253 i 4500 001 000000110140 003 CaOOAMICUS 005 20030923000000.0 008 030923s1999 it u000 u ita u 013 $a82821 020 $a88-343-0383-0 040 $aSeMil$bita 245 14$aGli artigiani del futuro :$bda un progetto di ricerca a un percorso formativo /$ca cura di Vincenzo Cesareo, Maurizio Ambrosini. 260 $aMilano :$bVita e Pensiero,$c1999. 300 $a276 p. ;$c22 cm. 490 0 $aLeggere la società ;$v34 650 4$aArtigiani - Formazione professionale.$0(OLS)http://semarc/subject/19585 830 0$aLeggere la società ;$v34.$0(OLS)http://semarc/title/10601 850 $aSeMil 852 $aSeMil$W1$xVenegono$y1$m3M III 33$j66056$B66056$CSeMilBibl$Z2$F83910 $81 961 $aOmaggio: Colasanto Prof. Michele 996 $6020$a88-343-0383-0$9(OLS)http://semarc/number/91792 996 $6245$aGli artigiani del futuro :$bda un progetto di ricerca a un percorso formativo$9(OLS)http://semarc/title/160069 996 $6260$aMilano :$bVita e Pensiero$9(OLS)http://semarc/publisher/29642